000 01648nas a2200277Ia 4500
001 R262-R5730
003 IT-CnALBA
008 170116c99999999xx |||||||||||| ||und||
040 _aIT-CnALBA
_cIT-CnALBA
041 _aPOLIGLOTTA
100 _aPIO XII, PAPA PACELLI EUGENIO.
210 _aPEREFICE MUNUS
222 _aPEREFICE MUNUS
245 0 _aPERFICE MUNUS! RASSEGNA DI FORMAZIONE E VITA PASTORALE. OTTOBRE 1956.
250 _a1a ed.
260 _aTORINO
_bLICE. ROBERTO BERRUTI & C.
_c1956 [1° Ed.:1956 - Ed.Ling.Originale: 1956]
300 _a64 p.
310 _aMENSILE
362 _aFascicolo: 10 / Anno: 31 (1956)
500 _aIL SANTO PADRE AGLI AMMINISTRATORI CIVILI. TEOLOGIA SCIENTIFICA, IL NUMERO IN DIO. OFFERTORIO DEI DEFUNTI. ASSOLUZIONE, RITO CROCE. ORAZIONI E BENEDIZIONE. VIA CRUCIS. PROCESSIONE. GIOVEDÌ SANTO, PASSIO. CALENDARIO. PREPARAZIONE E RINGRAZIAMENTO ALLA MESSA. MORALE. CASO DI COSCIENZA, A. GENNARO. DIREZIONE SPIRITUALE E CASO DI COSCIENZA, GENNARO. DIREZIONE SPIRITUALE E FORO ESTERNO, BOSCHI P.
501 _aSocietà San Paolo EM - Piazza San Paolo, 14 - 12051 ALBA (CN) (non commercial uses only) ® Copyright 2017
520 _aIL SANTO PADRE AGLI AMMINISTRATORI CIVILI. TEOLOGIA SCIENTIFICA, IL NUMERO IN DIO. OFFERTORIO DEI DEFUNTI. ASSOLUZIONE, RITO CROCE. ORAZIONI E BENEDIZIONE. VIA CRUCIS. PROCESSIONE. GIOVEDÌ SANTO, PASSIO. CALENDARIO. PREPARAZIONE E RINGRAZIAMENTO ALLA MESSA. MORALE. CASO DI COSCIENZA, A. GENNARO. DIREZIONE SPIRITUALE E CASO DI COSCIENZA, GENNARO. DIREZIONE SPIRITUALE E FORO ESTERNO, BOSCHI P.
650 _aECCLESIOLOGIA
942 _cCR
957 _71
999 _a52031
_bNO
_g1
_c324247
_d324247